000 00455nam a2200181Ia 4500
001 21028
005 20260306172849.0
008 260306t2013||||xx |||||||||||||| ||spa||
041 _aESP
082 _a344
_bCH51
100 _aChaparro Guerra, Ayar
_eAUT
245 0 _aEl sistema penal y su aplicación:
_bteórico - práctico
260 _c2013
300 _a1143 páginas :
_c25 cm.
650 _aGEN
654 _aCDE
942 _cLIB
_dJUS
_fJUS
_2ddc
_n
999 _c21028
_d21028